00368nam a2200181Ia 4500003000900000008004100009040001300050040001300063041000800076100001800084245002400102250001100126260001300137260000900150300001100159300001000170490000600180IT-RoPAU120407s9999 xx 000 0 und d aIT-RoPAU cIT-RoPAU aita aTonino Guerra aL’uomo parallelo. aMilano aBompiani c1969 a173 p. c20 cm v1